Minecraft Knowledge - Statistics

General Stats
  • This quiz has been taken 280 times
    255 since last reset
  • The average score is 7 of 12
Answer Stats
Question Answer % Correct
When was Minecraft made? (year) 2009
95%
What company made Minecraft? Mojang
95%
How many sticks do you need to make a ladder? 7
87%
How many ores are needed to make a full set of armor? 24
85%
How many hearts do you have in Minecraft? 10
84%
What do pigs drop when you kill them? Raw Porkchop
70%
Where do you go to find Blazes? Nether Fortress
69%
What weapon does the most damage? (In hearts, without enchants, customs, cheats and mods) Netherite Axe
44%
How many foods are there in Minecraft? 40
40%
What is the rarest mob in Minecraft? Pink Sheep
31%
What do you need to go in the end? (What item) Ender Eyes
28%
What Minecraft foods give you the best saturation? Golden Carrots
22%
No matching quizzes found
Score Distribution
Percent of People with Each Score
Percentile by Number Answered
Your Score History
You have not taken this quiz since the last reset